Australian cities multiple choice: Gold Coast - Statistics

General Stats
  • This quiz has been taken 31 times
  • The average score is 9 of 15
Answer Stats
Question Answer % Correct
What is G:link? A light rail line
100%
Where's the airport? Coolangatta
100%
Which Australian Football League team is based on the Gold Coast? Suns
100%
Which is not a suburb of the Gold Coast? Porpoise Spit
93%
What is the tallest building on the Gold Coast? Q1 Tower
93%
Local businesswoman Paula Stafford was probably the first person in the world to make and sell... bikinis
79%
What does HOTA stand for? Home of the Arts
64%
The city has 57 kilometres of... beaches
57%
What is the largest theme park in Australia? Dreamworld
57%
Where are the Crown Jewels? The Wax Museum
43%
What is Kinkabool? A heritage-listed block of flats
36%
The largest group of Gold Coasters born overseas come from... New Zealand
36%
When did the Currumbin Wildlife Sanctuary open? 1947
21%
First known as the South Coast, how did the area come to be called the Gold Coast? Expensive real estate
7%
What is the Gold Coast's oldest school? Pimpana State School
0%
No matching quizzes found
Score Distribution
Percent of People with Each Score
Percentile by Number Answered
Your Score History
You have not taken this quiz